000 00620nam a2200181 i 4500
001 77304
003 ES-MaACL
005 20230906173144.0
007 t|
008 041007s1961 sp ||||1| spa d
100 1 _aHamilton, Frank S.
_961660
245 1 3 _aLa soldadura autógena y el corte de los metales por medio del dardo de oxígeno
_b: soldadura eléctrica /
_cFrank S. Hamilton ; traducción y adaptación de E.H.
250 _a4ª ed.
260 _aBarcelona :
_bSintes,
_c[1961]
300 _a249 p. :
_bil. ;
_c18 cm.
700 1 _aHeras Hernández, Eusebio.
_962647
852 _aES-MaACL
_jF-11233
_bR.48147
999 _c77304
_d77304